01141nam a2200289 a 450000100100000000500170001000800410002702000150006804000250008304100380010808200190014610000310016524000390019624501780023526000290041330000280044250400270047053400470049765000250054465000330056970000360060270000320063870000320067004900090070295201230071199900170083400002363920240410201344.0101216s1986 sp a r 000 0 spa d a8476400061 aDO-SdBNPbspacBNPHU17aspaheng2Códico de idioma MARC a615.535bN551n1 aNewman Turner Roger94871210aNaturopathic medicine.lEspañol.10aNuevo manual de medicina naturopata :btratamiento integral de la persona /cRoger Newman Turner ; prefacio George T. Lewith ; traducido por Vicente Bordoy y Custodia Ramos. aMadrid :bEdaf,c[1986]. a175 p. :bil. ;c21 cm. aIncluye bibliografía aTítulo original:tNaturopathic medicine. 4aNaturopatía948713 0aMedicina alternativa 9370501 aLewith, George T.epref.9487141 aBordoy, Vicenteetr.9487151 aRamos, Custodiaetr.948716 aBNGR 001054708MOaGRbGRcCTd2010-12-16iLF1l0o615.535 N551np23639-10r2020-06-25w2020-06-25y4ZPréstamo en sala c23135d23135